000 00312nam a22001337a 4500
008 170925b xxu||||| |||| 00| 0 eng d
020 _a9780312247669
041 _aeng
080 _23RD
_a37
100 _a46
101 _aEDU
245 _aA POCKET GUIDE TO WRITING IN HISTORY
_cRAMPOLLA,M.L
942 _2udc
_cBK
999 _c29619
_d29619